| 000 | 00368nam a22001337a 4500 | ||
|---|---|---|---|
| 020 | _a81-203-1670-3 | ||
| 082 | _a004.21 HAW | ||
| 100 |
_aHAWRYSZKIEWYCZ, IGOR _963797 |
||
| 245 | _aINTRODUCTION TO SYSTEMS ANALYSIS AND DESIGN | ||
| 260 |
_aNEW DELHI _bPRENTICE HALL INDIA _c2002 |
||
| 300 | _aXVIII,484P | ||
| 650 |
_aSYSTEMS ANALYSIS AND DESIGN _960329 |
||
| 942 | _cBK | ||
| 999 |
_c572513 _d572513 |
||